<?xml version="1.0" encoding="UTF-8"?>
<record
    xmlns:xsi="http://www.w3.org/2001/XMLSchema-instance"
    xsi:schemaLocation="http://www.loc.gov/MARC21/slim http://www.loc.gov/standards/marcxml/schema/MARC21slim.xsd"
    xmlns="http://www.loc.gov/MARC21/slim">

  <leader>00973naa a2200241 a 4500</leader>
  <controlfield tag="001">79372)</controlfield>
  <controlfield tag="003">BD-RjUL</controlfield>
  <controlfield tag="005">20220214111551.0</controlfield>
  <controlfield tag="008">220214s1930    ii ||||| |||| 00| 0 urd d</controlfield>
  <datafield tag="035" ind1=" " ind2=" ">
    <subfield code="a">(BD-RjUL)79372)</subfield>
  </datafield>
  <datafield tag="040" ind1=" " ind2=" ">
    <subfield code="a">BD-RjUL</subfield>
    <subfield code="b">eng</subfield>
    <subfield code="c">BD-RjUL</subfield>
  </datafield>
  <datafield tag="041" ind1=" " ind2=" ">
    <subfield code="a">urd</subfield>
  </datafield>
  <datafield tag="082" ind1=" " ind2=" ">
    <subfield code="2">23</subfield>
  </datafield>
  <datafield tag="100" ind1="1" ind2=" ">
    <subfield code="a">&#x646;&#x62F;&#x648;&#x6CC;&#x60C; &#x633;&#x6CC;&#x62F; &#x633;&#x644;&#x6CC;&#x645;&#x627;&#x646; ;; Nadvi Syed Sulaiman </subfield>
    <subfield code="9">1311</subfield>
  </datafield>
  <datafield tag="245" ind1="1" ind2="0">
    <subfield code="a">&#x639;&#x631;&#x628; &#x648; &#x6C1;&#x646;&#x62F; &#x6A9;&#x6D2; &#x62A;&#x639;&#x644;&#x642;&#x627;&#x62A; ;; Arab-o-Hind KeTalluqat /</subfield>
    <subfield code="c">Syed Sulaiman  Nadvi ;; &#x633;&#x6CC;&#x62F;  &#x633;&#x644;&#x6CC;&#x645;&#x627;&#x646; &#x646;&#x62F;&#x648;&#x6CC;&#x60C; </subfield>
  </datafield>
  <datafield tag="260" ind1=" " ind2=" ">
    <subfield code="a">&#x627;&#x644;&#x6C1; &#x627;&#x628;&#x627;&#x62F; ;; Allahabad :</subfield>
    <subfield code="b">&#x6C1;&#x646;&#x62F;&#x648;&#x633;&#x62A;&#x627;&#x646;&#x6CC; &#x627;&#x6A9;&#x627;&#x62F;&#x645;&#x6CC;  ;; Hindustani Ekademy ,</subfield>
    <subfield code="c">1930</subfield>
  </datafield>
  <datafield tag="300" ind1=" " ind2=" ">
    <subfield code="a">402 p. ; </subfield>
    <subfield code="c">23 cm</subfield>
  </datafield>
  <datafield tag="490" ind1=" " ind2=" ">
    <subfield code="a">&#x633;&#x644;&#x633;&#x644;&#x6C1; &#x644;&#x6A9;&#x686;&#x631; &#x6C1;&#x646;&#x62F;&#x648;&#x633;&#x62A;&#x627;&#x646;&#x6CC; &#x627;&#x6A9;&#x627;&#x62F;&#x645;&#x6CC; ;</subfield>
    <subfield code="v"> &#x646;&#x645;&#x628;&#x631; &#x6F5;</subfield>
  </datafield>
  <datafield tag="650" ind1=" " ind2=" ">
    <subfield code="z">India </subfield>
    <subfield code="a"> Foreign relations </subfield>
    <subfield code="v">Arab countries.</subfield>
    <subfield code="9">1312</subfield>
  </datafield>
  <datafield tag="650" ind1=" " ind2=" ">
    <subfield code="v">Arab countries </subfield>
    <subfield code="a">Foreign relations </subfield>
    <subfield code="z">India</subfield>
    <subfield code="9">1313</subfield>
  </datafield>
  <datafield tag="830" ind1=" " ind2=" ">
    <subfield code="a">&#x633;&#x644;&#x633;&#x644;&#x6C1; &#x644;&#x6A9;&#x686;&#x631; &#x6C1;&#x646;&#x62F;&#x648;&#x633;&#x62A;&#x627;&#x646;&#x6CC; &#x627;&#x6A9;&#x627;&#x62F;&#x645;&#x6CC; ;</subfield>
    <subfield code="v"> &#x646;&#x645;&#x628;&#x631; &#x6F5;</subfield>
    <subfield code="9">1314</subfield>
  </datafield>
  <datafield tag="942" ind1=" " ind2=" ">
    <subfield code="2">ddc</subfield>
    <subfield code="c">BK</subfield>
  </datafield>
  <datafield tag="999" ind1=" " ind2=" ">
    <subfield code="c">79372</subfield>
    <subfield code="d">79372</subfield>
  </datafield>
  <datafield tag="952" ind1=" " ind2=" ">
    <subfield code="0">0</subfield>
    <subfield code="1">0</subfield>
    <subfield code="2">ddc</subfield>
    <subfield code="4">0</subfield>
    <subfield code="7">1</subfield>
    <subfield code="8">NFIC</subfield>
    <subfield code="a">RUCL</subfield>
    <subfield code="b">RUCL</subfield>
    <subfield code="c">Reading</subfield>
    <subfield code="d">2022-02-14</subfield>
    <subfield code="l">0</subfield>
    <subfield code="o">U 327.56054 NAA 1930</subfield>
    <subfield code="r">2022-02-14 00:00:00</subfield>
    <subfield code="t">C-1</subfield>
    <subfield code="w">2022-02-14</subfield>
    <subfield code="y">BK</subfield>
  </datafield>
</record>
